Statystyki dla Wszyscy niemieccy skoczkowie narciarscy w historii

Kliknij tutaj aby rozwiązać quiz!

Ogólne statystyki

  • Ten quiz został rozwiązany 23 razy
  • Średni wynik to 25 z 174

Statystyki odpowiedzi

Odpowiedź% Poprawnych
Karl Geiger
89%
Martin Schmitt
89%
Stephan Leyhe
89%
Andreas Wellinger
83%
Markus Eisenbichler
83%
Severin Freund
83%
Constantin Schmid
78%
Michael Neumayer
78%
Richard Freitag
78%
Emanuel Schmid
72%
Julian Hahn
72%
Sven Hannawald
72%
Pius Paschke
67%
Andreas Wank
61%
Michael Uhrmann
61%
Philipp Raimund
61%
Maximilian Mechler
50%
Felix Hoffmann
44%
Jens Weissflog
44%
Martin Hamann
44%
Stephan Hocke
44%
Alexander Herr
39%
Dieter Thoma
39%
Georg Spath
39%
Gustav Muller
39%
Marinus Kraus
39%
Pascal Bodmer
39%
Felix Schoft
33%
Justin Lisso
33%
Luca Roth
33%
Danny Queck
28%
David Siegel
28%
Jonathan Siegel
28%
Simon Spiewok
28%
Ben Bayer
22%
Christian Ulmer
22%
Christof Duffner
22%
Hansjorg Jakle
22%
Michael Mollinger
22%
Thomas Duffner
22%
Daniel Wenig
17%
Erik Simon
17%
Friedrich Brau
17%
Julian Musiol
17%
Moritz Baer
17%
Tim Fuchs
17%
Tobias Bogner
17%
Adrian Tittel
11%
Andre Kiesewetter
11%
Axel Maylander
11%
Christoph Hanel
11%
Christoph Schwarz
11%
Dirk Else
11%
Dominik Maylander
11%
Erich Recknagel
11%
Fabian Seidl
11%
Ferdinand Bader
11%
Finn Braun
11%
Frank Loffler
11%
Gerd Siegmund
11%
Hubert Schwarz
11%
Jan Maylander
11%
Jorg Ritzerfeld
11%
Josef Bradl
11%
Luca Geyer
11%
Paul Winter
11%
Ronny Hornschuh
11%
Sebastian Schwarz
11%
Tobias Loffler
11%
Adrian Sell
6%
Alex Reiter
6%
Andreas Bauer
6%
Christian Heim
6%
Claudio Haas
6%
Dirk Kramer
6%
Hans Petrat
6%
Heini Klopfer
6%
Jannik Faisst
6%
Jens Deimel
6%
Julian Fussi
6%
Kai Bracht
6%
Kevin Horlacher
6%
Kilian Markl
6%
Lasse Deimel
6%
Michael Herrmann
6%
Nico Polichronidis
6%
Peter Leitner
6%
Peter Rohwein
6%
Roland Audenrieth
6%
Sebastian Bradatsch
6%
Stefan Pieper
6%
Wolfgang Steiert
6%
Albert Wursthorn
0%
Alois Haberstock
0%
Alois Kratzer
0%
Andreas Scherer
0%
Benjamin Hauber
0%
Bernd Bornig
0%
Cedrik Weigel
0%
Christian Bruder
0%
Christian Rimmel
0%
Christoph Grillhosl
0%
Dennis Storl
0%
Dionis Wodniew
0%
Ewald Roscher
0%
Felix Brodauf
0%
Florian Krumbacher
0%
Florian Menz
0%
Frank Ludwig
0%
Frank Reichel
0%
Franz Dengg
0%
Franz Haslberger
0%
Franz Keller
0%
Franz Thannheimer
0%
Georg Waldvogel
0%
Heiko Hunger
0%
Heinz Ihle
0%
Helmut Kurz
0%
Henrik Ohlmeyer
0%
Hermann Anwander
0%
Hermann Weinbuch
0%
Ingo Lesser
0%
Ingo Zuchner
0%
Joachim Ernst
0%
Johannes Schubert
0%
Josef Heumann
0%
Josef Weiler
0%
Leif Frey
0%
Lorenz Wegscheider
0%
Ludwig Pohle
0%
Lukas Nellenschulte
0%
Marcel Schaffrath
0%
Marc Krauspenhaar
0%
Marc Nolke
0%
Mario Kurschner
0%
Markus Winterhalter
0%
Martin Neuner
0%
Mathias Witter
0%
Max Bolkart
0%
Max Goller
0%
Michael Dreher
0%
Michael Schreiber
0%
Michael Wagner
0%
Michael Zachrau
0%
Nico Faller
0%
Olaf Hegenbarth
0%
Patrick Kaltenbach
0%
Paul Justus Grundmann
0%
Peter Schwinghammer
0%
Ralf Gebstedt
0%
Remo Lederer
0%
Rene Kummerlow
0%
Rico Meinel
0%
Robert Leonhard
0%
Rolf Schili
0%
Rudi Gering
0%
Rudi Tusch
0%
Sepp Hohenleitner
0%
Sepp Kleisl
0%
Simon Sterinbeisser
0%
Stefan Petersohn
0%
Steffen Bartschat
0%
Steffen Siebert
0%
Thomas Hasslberger
0%
Thomas Klauser
0%
Thomas Prosser
0%
Tim Heinrich
0%
Timo Wangler
0%
Toni Brutscher
0%
Toni Eisgruber
0%
Uli Basler
0%
Uli Boli
0%
Willen Dick
0%
Wolfgang Hartmann
0%

Rozkład punktacji

Percentyl według liczby udzielonych odpowiedzi

Procent ludzi z każdym wynikiem

Twoja historia wyników

Nie rozwiązałeś tego quizu